| 000 | 00000nam##2200000za#4500 |
| 001 | 9.570334 |
| 003 | CaOODSP |
| 005 | 20210624182206 |
| 007 | cr ||||||||||| |
| 008 | 150406|1994||||xxc|||||o f|0| 0 eng|d |
| 040 | |aCaOODSP|beng |
| 043 | |an-cn--- |
| 086 | 1 |aNM95-57/17-2-1994E-PDF |
| 110 | 1 |aCanada.|bCanadian Heritage. |bCanadian Conservation Institute. |
| 245 | 14|aThe diphenylamine spot test for cellulose nitrate in museum objects / |h[electronic resource]|c[by R. Scott Williams]. |
| 260 | |aOttawa - Ontario : |bCanadian Heritage. |cc1994. |
| 300 | |a2p.|breferences |
| 490 | 1 |aCCI Notes|v17/2 |
| 500 | |aIncorrect catalogue number (NM95-57/17-2-1989E) and ISSN (0714-6221) copied in this electronic publication. |
| 590 | |a11-22-Supp|b2011-10-13 |
| 720 | 1 |aWilliams, R. Scott |
| 775 | 08|tTest ponctuel à la diphénylamine pour déceler la présence de nitrate de cellulose dans les objets de musée / |w(CaOODSP)9.601079 |
| 776 | 0#|tThe diphenylamine spot test for cellulose nitrate in museum objects |w(CaOODSP)9.611168 |
| 830 | #0|aCCI notes ;|v17/2|w(CaOODSP)9.506353 |
| 856 | 40|ahttp://publications.gc.ca|qPDF|s740 KB|uhttps://publications.gc.ca/collections/collection_2011/pc-ch/NM95-57-17-2-1994-eng.pdf|y17/2 |